Kevin Smith Actors - Sudden Death - Statistics

General Stats
  • This quiz has been taken 57 times
  • The average score is 9 of 18
Answers on the Grid
Answers color-coded by a green-red scale on the quiz's grid according to % correct below.
Jason Mewes
Salma Hayek
Charlie Sheen
Anna Gunn
Nicki Minaj
Will Ferrell
George Carlin
John Goodman
Johnny Depp
Ben Affleck
Ben Kingsley
Matt Damon
Bill Burr
Tyler Perry
Redman
Morena Baccarin
Robin Wright
Logic
Alan Rickman
Carrie Fisher
Shannen Doherty
Kendrick Lamar
Chris Rock
Michael Rooker
Tom Hanks
Aaron Paul
Dolph Lundgren
Jessica Biel
Bruce Willis
Chris Hemsworth
 
Answer Stats
Answer % Correct
Ben Affleck
82%
Jason Mewes
79%
Salma Hayek
76%
Matt Damon
74%
Alan Rickman
61%
Shannen Doherty
55%
Will Ferrell
55%
Chris Rock
53%
George Carlin
53%
Carrie Fisher
39%
Johnny Depp
37%
Bruce Willis
32%
John Goodman
32%
Michael Rooker
32%
Redman
32%
Anna Gunn
24%
Chris Hemsworth
21%
Logic
16%
No matching quizzes found
Score Distribution
Percent of People with Each Score
Percentile by Number Answered
Your Score History
You have not taken this quiz